000 02635 am a2200613 a 4500
005 20240227134012.0
008 100604s1993||||ag a f |||| 001 0 spa d
020 _a95006603845
041 _aspa
092 _c617.63
_l11
_sCEC
100 1 _aCeccotti, Eduardo Luis.
_91254
245 _aClínica estomatológica.
_bSIDA, cáncer y otras afecciones /
_cEduardo Luis Ceccotti.
250 _a1a ed.
260 _aBuenos Aires:
_bEditorial Médica Panamericana;
_c1993.
300 _a448 p.
_bil.
500 _aCeccotti, E. L. (1993). Clínica estomatológica. SIDA, cáncer y otras afecciones. (1a ed.). Buenos Aires : Editorial Médica Panamericana.
653 _aSemiología
653 _aTécnica de examen de la mucosa bucal
653 _aLesiones elementales
653 _aMétodos de diagnóstico
653 _aSemiología de los maxilares
653 _aEpulis
653 _aLesiones pseudotumorales de la musoca bucal (hiperplasias simples y malformativas)
653 _aBlastomas benignos
653 _aPrecáncer oral
653 _aBiopsia
653 _aCitología exfoliativa
653 _aFundamentos de la interpretación radiográfica de la patología ósea
653 _aInterpretación del informe histopatológico
653 _aLaboratorio bioquímico en estomatología
653 _aDiagnóstico de laboratorio de enfermedades infecciosas orales
653 _aSemiología y patología clínica de los ganglios linfáticos en estomatología
653 _aDolor facial
653 _aInterpretación clínica de signos y síntomas de los desórdenes del sistema estomatognático
653 _aVirosis bucales
653 _aHepatitis virales
653 _aMicosis bucales
653 _aInfecciones provocadas por parásitos
653 _aEnfermedades bacterianas
653 _aEnfermedades ampollares
653 _aAftas
653 _aEnfermedades del tejido conectivo
653 _aSemiología y patología quirúrgica de las glándulas salivales
653 _aLesiones radiolúcidas, radiopacas y mixtas de los maxilares
653 _aCáncer oral
653 _aBioseguridad en odontología (control y prevención de la infección en la práctica dental)
653 _aSíndrome de inmunodeficiencia adquirida
653 _aPrincipios básicos sobre odontología forense
653 _aConceptos fundamentales sobre el manejo odontoestomatológico de pacientes con discrasias sanguineas
653 _aprótesis restauradora maxilofacial
653 _aHistopatología de las lesiones estomatológicas más frecuentes
930 _a1724
942 _2ddc
_cBK
999 _c344
_d344